Movie Word Quintets Quiz Stats

Quiz Updated Jan 13, 2018

Challenge
Share
Tweet
Score 0/30 Timer 08:00
2 Plays Today
% Correct
The Blues Brothers
94.6%
Step Brothers
84.7%
National Lampoon's Animal House
80.8%
Mr. Smith Goes to Washington
70.9%
Mr. Deeds
68%
Road House
67%
The Secret Garden
66.9%
The Imitation Game
61.4%
Saving Mr. Banks
58.3%
Ender's Game
57.1%
The Cider House Rules
56.4%
The Brothers Grimm
55.7%
This Is the End
52.4%
Secret Window
46.6%
Four Brothers
46.5%
% Correct
Kingsman: The Secret Service
39.4%
Howards End
38.2%
End of Days
31%
Safe House
30.6%
End of Watch
28.7%
The Crying Game
28.4%
Spy Game
26.7%
House of Wax
25.3%
Top Secret!
19.8%
Mr. Brooks
15.7%
The Brothers Bloom
10.2%
John Dies at the End
5.4%
Molly's Game
4.5%
Sympathy for Mr. Vengeance
3.5%
The Secret in Their Eyes
3.4%

You're not logged in!

Compare scores with friends on all Sporcle quizzes.
Sign Up with Email
OR
Log In

You Might Also Like...

Show Comments

Extras

Top Quizzes Today


Score Distribution

Your Account Isn't Verified!

In order to create a playlist on Sporcle, you need to verify the email address you used during registration. Go to your Sporcle Settings to finish the process.